[Event "Moscow Tal Memorial 10th"]
[Site "Moscow"]
[Date "2016.09.29"]
[Round "3"]
[White "Mamedyarov, Shakhriyar"]
[Black "Gelfand, Boris"]
[Result "1-0"]
[WhiteElo "2761"]
[BlackElo "2743"]
[Annotator "Roiz,M"]
[PlyCount "55"]
[EventDate "2016.09.26"]
[EventType "tourn"]
[EventRounds "9"]
[EventCountry "RUS"]
[EventCategory "21"]
[SourceTitle "CBM 175"]
[Source "ChessBase"]
[SourceDate "2016.11.10"]
[SourceVersion "1"]
[SourceVersionDate "2016.11.10"]
[SourceQuality "1"]

1. d4 Nf6 2. c4 e6 3. Nf3 d5 4. Nc3 c6 5. Bg5 h6 6. Bxf6 Qxf6 7. g3 {This side
line is used by many top players from time to time.} Nd7 8. Bg2 dxc4 9. O-O {
Like in the Catalan, White isn't worried about giving up a pawn for a while.}
Be7 10. Ne4 ({Another way of regaining the pawn doesn't pose Black serious
problems:} 10. Qc2 O-O (10... Qf5 $5 11. e4 Qa5 $132) 11. Rfd1 e5 12. d5 Nc5
13. Nd2 Bf5 14. Qc1 Rad8 15. dxc6 bxc6 16. Nxc4 Qe6 $11 {Ivanchuk,V (2729)
-Bacrot,E (2717) Morelia/Linares 2006}) 10... Qf5 11. Ned2 e5 (11... Nb6 $6 {
is too passive:} 12. Ne5 O-O 13. e3 $14 {Kramnik,V (2785)-Kasimdzhanov,R (2690)
Moscow 2007}) ({However,} 11... b5 $5 {also deserves serious consideration:}
12. a4 O-O 13. axb5 Qxb5 14. Qc2 Bb7 15. Nxc4 c5 16. Rfd1 Bd5 {Christiansen,L 
(2555)-Gurevich,M (2605) Antwerp 1993}) 12. e4 Qh5 $5 $146 {Boris comes up
with a natural novelty - the Qh5 is in a safer place than on e6.} ({A recent
top-level game saw} 12... Qe6 13. Rc1 b5 (13... O-O $5 14. Nxc4 exd4 15. Nxd4
Qf6 16. f4 Bc5 17. e5 Qd8 $11) 14. b3 c3 15. Rxc3 {Li Chao2 (2755)-Topalov,V 
(2754) Stavanger NOR 2016, and Black was under definite pressure.}) 13. Nxc4 ({
White gets nothing special with} 13. d5 Nb6 14. Rc1 O-O 15. Nxc4 Nxc4 16. Rxc4
Rd8 17. Qb3 cxd5 18. exd5 Bd6 $11) 13... exd4 14. Qxd4 {Accordingly to his
style, GM Mamedyarov prefers to keep the queens on the board.} (14. Nxd4 {
is toothless:} Qxd1 15. Rfxd1 Nb6 16. Na5 O-O $11) 14... Qc5 ({An interesting
try was} 14... O-O $5 15. e5 Nb6 16. Nxb6 axb6 17. Qxb6 Bd8 18. Qe3 Re8 {
, obtaining decent compensation for the pawn.}) 15. e5 O-O 16. Qe4 ({Once
again, liquidating into an endgame wouldn't offer White any superiority:} 16.
Rad1 Qxd4 17. Nxd4 Nb6 18. Nd6 Bxd6 19. exd6 Rd8 20. Nb3 Rb8 21. Rfe1 Kf8 22.
Nc5 Nd7 $11) 16... Nb6 17. Ne3 Qb4 18. Nd4 $1 {A brave decision - White is
ready to sac a pawn in order to develop a dangerous initiative on the kingside.
} (18. Qc2 Rd8 19. a3 Qc5) 18... Rd8 {The first step in the wrong direction -
removing the rook from f8 leaves the king exposed.} ({Much safer was} 18... Bc5
$142 19. Rfd1 Qxb2 20. a4 {would offer White sufficient compensation for a
pawn, but hardly more. For instance,} Bxd4 21. Qxd4 (21. Rab1 Qa3 22. Qxd4 Be6
23. Qb4 Qxa4 24. Qxa4 Nxa4 25. Rxb7 Nc5 26. Rc7 a5 {can be dangerous only for
White.}) 21... Qxd4 22. Rxd4 Nd7 23. f4 Nc5 24. Rc4 Na6 25. Rb1 f6 {with a
probable draw.}) 19. Rad1 Qxb2 $6 {Boris is underestimating White's attacking
potential.} (19... Nd5 {would lead to an inferior endgame after} 20. Ndf5 Bxf5
21. Nxf5 Qxe4 22. Bxe4 Bf8 23. Bxd5 cxd5 24. Rd2 $14) ({The cool-blooded} 19...
Re8 $1 {would have kept the balance, but it is not an easy move to make! For
instance,} 20. b3 Bc5 21. Kh1 Bd7 (21... Nd5 22. Nxd5 cxd5 23. Qf4 $14) 22. f4
Qa5 23. Qb1 Rad8 $132) 20. e6 $1 {Now the lack of Black's pieces on the
kingside starts to tell.} Bxe6 $2 {This natural move turns out to be a
decisive mistake.} ({It looks scary to leave the Pe6 alive, but Boris had to
play} 20... Bf6 $1 21. Nef5 (21. Nxc6 Rxd1 22. exf7+ Kxf7 23. Rxd1 bxc6 24.
Qxc6 Be6 25. Qc7+ Be7 26. Bxa8 Nxa8 27. Qxa7 Nb6 $14) 21... c5 $1 ({Once again,
} 21... Bxe6 $2 {leads to a hopeless position:} 22. Nxe6 Rxd1 23. Rxd1 Re8 24.
Qg4 $1 Rxe6 25. Nxg7 $1 Bxg7 26. Rd8+ Kh7 27. Be4+ Rg6 28. h4 $18) 22. exf7+
Kxf7 23. Nb3 Bxf5 24. Qxf5 c4 25. Na5 Qe5 26. Qxe5 Bxe5 27. Bxb7 Rab8 28. Nc6
Rxd1 29. Rxd1 Re8 30. Nxa7 Bb2 $14 {the strong c-passer yields Black excellent
drawing chances.}) 21. Nxe6 fxe6 22. Bh3 $1 {This move yields White full
control over the light squares.} (22. Qxe6+ {would be less convincing :} Kf8
23. Ng4 Bf6 $1 $16) 22... Kh8 23. Bxe6 $18 g5 {Desperation.} ({The most
stubborn was} 23... h5 24. Qg6 Qf6 25. Qxh5+ Qh6 26. Qg4 $18 {, but then White
would regain the pawn and keep all the merits of position.}) 24. Ng4 {The
knight is coming into the attack with a great effect.} Rxd1 25. Rxd1 Qg7 26.
Ne5 Qf6 27. Bb3 Kg7 28. Ng4 {Impressive dynamic play by GM Mamedyarov!} 1-0

[Event "Olympiad-42"]
[Site "Baku"]
[Date "2016.09.05"]
[Round "4.1"]
[White "Lupulescu, Constantin"]
[Black "Mamedyarov, Shakhriyar"]
[Result "0-1"]
[WhiteElo "2618"]
[BlackElo "2761"]
[Annotator "Roiz,M"]
[PlyCount "122"]
[EventDate "2016.09.02"]
[EventType "team-swiss"]
[EventRounds "11"]
[EventCountry "AZE"]
[SourceTitle "CBM 175"]
[Source "ChessBase"]
[SourceDate "2016.11.10"]
[SourceVersion "1"]
[SourceVersionDate "2016.11.10"]
[SourceQuality "1"]
[WhiteTeam "Romania"]
[BlackTeam "Azerbaijan"]
[WhiteTeamCountry "ROU"]
[BlackTeamCountry "AZE"]

1. d4 d5 2. c4 c6 3. Nf3 Nf6 4. Nc3 e6 5. Bg5 h6 6. Bxf6 Qxf6 7. e3 g6 8. Be2
Bg7 9. e4 O-O 10. O-O Qd8 ({Black has also tried} 10... Nd7 11. exd5 exd5 12.
cxd5 c5 {, but in the following recent game after} 13. dxc5 Nxc5 14. Rc1 Bf5
15. Nd2 Rfe8 16. Nc4 $14 {Kasimdzhanov,R (2704)-Eljanov,P (2717) Berlin GER
2015, White was better.}) 11. e5 {Locking in the Bg7 is the most tempting
decision, but it wouldn't be easy to hold the pawn centre.} dxc4 (11... c5 {
has also been played by strong players, but it doesn't look like a convincing
way of equalising:} 12. cxd5 cxd4 13. Nxd4 (13. Qxd4 $5 exd5 14. Nxd5 Nc6 15.
Qc5 Nxe5 16. Nxe5 Bxe5 17. Rad1 $14) 13... Bxe5 14. Re1 Qb6 15. Nb3 Rd8 16. Bf3
Bg7 $11 {1/2 (28) Dubov,D (2661)-Gelfand,B (2741) Berlin GER 2015}) 12. Bxc4 c5
13. dxc5 ({In the event of} 13. d5 exd5 14. Bxd5 Nc6 15. Bxc6 bxc6 {White
cannot benefit from having a better pawn structure - Black's bishops are very
powerful.}) 13... Nd7 14. Qe2 $146 {Protecting the Pe5 and leaving the Bg7
locked in for a while is a natural decision.} ({One preceding top-level game
saw} 14. Ne4 Nxe5 15. Nxe5 Bxe5 16. Qe2 Qc7 17. g3 b6 {Kramnik,V (2801)-Anand,
V (2783) Paris/St Petersburg 2013, and Black was fine.}) 14... Nxc5 15. Rfd1
Qe7 16. Nb5 {The knight is heading to d6 in order to squeeze Black into his
camp. However, its placement wouldn't be safe.} ({Another possibility was:} 16.
Rd6 Bd7 (16... b6 17. Rad1 Nb7 18. R6d2 Na5 19. Bb5 Bb7 20. Ne4 $11) 17. Bb5
Bxb5 18. Nxb5 a6 19. Nc3 b5 20. Rad1 Rfd8 21. Ne4 Nxe4 22. Qxe4 $11) 16... Bd7
({After} 16... a6 17. Nd6 b5 18. Qe3 Nb7 19. Bb3 Nxd6 20. exd6 Qa7 21. Qf4 $13
{the d6-passer looks somewhat scary for a human.}) 17. Nd6 Bc6 18. Nd4 Qg5 {
As was mentioned before, it wouldn't be easy for White to keep the Pe5
protected for a long time.} 19. Nxc6 bxc6 20. Re1 $2 {This move leads to the
loss of an important pawn.} ({He had to play} 20. b4 $1 Na4 (20... Nd7 $6 21.
Nxf7 Rxf7 22. Bxe6 Nxe5 23. Bxf7+ Nxf7 24. Rac1 {can be dangerous only for
Black.}) 21. Re1 ({There is also a tactical way of maintaining the balance:} 
21. Nxf7 $5 Kxf7 22. f4 Qe7 (22... Qf5 $2 23. g4 $18) 23. f5 gxf5 24. Rd6 Rae8
25. Rxe6 Qxe6 26. Bxe6+ Rxe6 27. Qc2 Nb6 28. Qxf5+ Ke7 29. Qh7 Rf7 30. Rf1 $11)
21... Nc3 22. Qe3 Qxe3 23. Rxe3 Nd5 24. Bxd5 cxd5 25. Rc1 $11) 20... Nd7 21.
Qe4 ({Possibly, Constantin's calculations were based on} 21. g3 Nxe5 22. f4 {
, but then} Nf3+ $1 23. Qxf3 Qc5+ $17 {regaining the piece.}) 21... Nxe5 22. f4
Nf3+ $1 {The same trick. Black manages to keep the extra pawn.} 23. Kh1 Qc5 24.
Qxf3 Qxd6 25. Rad1 Qc7 $17 {Even though there are bishops of different colours
on the board, White's defensive task is tough.} 26. g4 $1 {A brave decision.
The counter-attacking approach seems most effective now.} Bf6 $1 {A decent
prophylactic move - the f-pawn cannot go far now.} 27. f5 exf5 28. gxf5 g5 29.
b3 $2 {Alas, Constantin fails to put up resistance - White cannot afford to
waste a tempo on protecting the pawn.} ({The correct move was} 29. Qg3 Qb6 30.
Rd6 $1 Qxb2 31. Qb3 Qxb3 32. Bxb3 Kg7 33. Rxc6 {The activity of pieces would
offer White definite drawing chances.}) 29... Kg7 30. Qg3 {Now it's too late!}
Qa5 $1 31. Qf3 {A sad necessity.} ({After} 31. Rd7 Qxf5 32. Rb7 Rad8 33. Rf1
Qe4+ 34. Qg2 Qxg2+ 35. Kxg2 Rd2+ 36. Rf2 Rxf2+ 37. Kxf2 Bd4+ 38. Kg2 Kg6 $19 {
Black should be able to promote the passers.}) 31... Rae8 32. Rf1 Qc7 $1 {
Now Black is firmly in control - White is doomed to a passive defence.} 33. Rd2
Rd8 {Swapping the rooks would leave the Kh1 even more exposed.} 34. Rc2 (34.
Rfd1 Rxd2 35. Rxd2 Rd8 36. Rxd8 Qxd8 37. h3 Qd4 38. Kg2 Be5 $19) 34... c5 {
GM Mamedyarov is not in a rush.} 35. Qg2 Rd4 36. Rd2 Re8 37. Rxd4 {It was
difficult to do with such a strong rook, but now Black also gets a dangerous
passer.} cxd4 $19 38. a4 Re5 ({There was nothing wrong with} 38... Re3 $19 {
either.}) 39. Qf3 Re3 40. Qd5 g4 41. a5 h5 42. a6 Re7 ({Another possibility was
} 42... Kh6 43. Qxf7 Qxf7 44. Bxf7 d3 $19) 43. Qg2 Qd6 44. Rd1 Qf4 45. Rf1 Qd6
46. Rd1 Qb4 47. Qd5 Qc3 48. Rf1 Qe3 49. Rg1 Kh6 50. Qc6 Kh7 51. Rf1 Kg7 52. Qd5
Rc7 $5 {This move is connected with an interesting concrete idea.} 53. Rg1 Be5
54. Rf1 Kh6 {The preparations.} 55. f6 Rxc4 $1 {The most convincing. Now the
Pd4 is unstoppable.} 56. bxc4 d3 57. Qg2 d2 58. Rd1 Bf4 59. c5 Qxc5 60. h3 Qe3
61. hxg4 Qe1+ ({White resigns in view of} 61... Qe1+ 62. Qg1 Qh4+ 63. Kg2 Qg3+
64. Kf1 Qf3+) 0-1

[Event "Southwest Class-ch 7th"]
[Site "Dallas"]
[Date "2016.02.15"]
[Round "9"]
[White "Macieja, Bartlomiej"]
[Black "Sadorra, Julio Catalino"]
[Result "1-0"]
[WhiteElo "2559"]
[BlackElo "2514"]
[Annotator "Sadorra,J"]
[PlyCount "61"]
[EventDate "2016.02.11"]
[EventType "swiss"]
[EventRounds "9"]
[EventCountry "USA"]
[SourceTitle "CBM 171"]
[Source "ChessBase"]
[SourceDate "2016.03.14"]
[SourceVersion "2"]
[SourceVersionDate "2016.03.14"]
[SourceQuality "1"]

{This was the critical last round of the tournament. I knew my opponent is an
experienced fighter, so I was ready to play a solid game.} 1. Nf3 d5 2. d4 Nf6
3. c4 c6 4. Nc3 e6 {The Semi-Slav is one of the most reliable defensive
systems up to this day, and it's no surprise it's a part of the repertoire of
many top players.} 5. Qb3 $5 {After some thought, my opponent played this in
an attempt to take me out of mainstream lines. Fortunately for me, I also
covered this line in my general opening studies.} dxc4 6. Qxc4 b5 7. Qd3 a6 8.
Bg5 ({Another possibility here is} 8. e4) 8... c5 {This has all been played
before.} (8... Bb7 9. a4 $1) 9. Bxf6 ({Other possible ways to continue
stirring up unclear play are} 9. a4) ({or} 9. d5 $5) 9... gxf6 10. e3 Bb7 11.
Be2 {Here, I was on my own and I didn't see anything wrong with natural moves
so I went with it.} Nc6 12. a3 {A useful waiting move, that prevents any
future ...Nb4 or ...b4 ideas.} Be7 {Keeping flexibility.} ({After the game, my
opponent and I agreed it was simpler to equalise with an IQP structure:} 12...
cxd4 13. exd4 Ne7 14. O-O Nd5 $11 (14... f5 $5 15. Rfd1 Bg7 {and maybe Black
can play for more!})) ({At first I wanted to play an active move like} 12...
Rg8 {but then noticed the possibility of him opening up the centre and
castling queenside:} 13. d5 (13. Qxh7 Rxg2 14. dxc5 {was also not easy to
assess during the game}) 13... exd5 14. Nxd5 (14. O-O-O) 14... Rxg2 15. O-O-O {
so I didn't take my chances, kept the possibility of quickly castling kingside.
}) 13. O-O Qc7 $5 ({Of course I checked the simple} 13... O-O {but once again
was bothered by the pawn break} 14. d5 $1 exd5 15. Nxd5 ({the "best player"
actually recommends a very fancy idea here:} 15. Rad1 $1 Ne5 (15... d4 16. exd4
cxd4 17. Qf5 $1 $16) 16. Nxe5 fxe5 17. Qf5 $1 {setting up multiple threats on
Black's centre and kingside.}) 15... Ne5 16. Nxe7+ Qxe7 17. Qf5 {and it's much
easier to play White from a practical standpoint.}) 14. dxc5 Rd8 (14... Ne5 $2
{is the wrong way to execute the idea} 15. Nxe5 Qxe5 16. Nxb5 $1) 15. Qc2 Ne5 {
And here, my opponent started his long think comparing different situations
and choosing the way that could best stop my growing intitiative.} 16. b4 (16.
Nxe5 Qxe5 17. b4 Rg8 18. g3 h5 $44 {and Black's active pieces combined with
the idea of opening up the h-file is at least enough compensation for the pawn.
}) 16... Rg8 17. Qxh7 $1 {Played after a long think, leaving himself about 4
minutes on the clock.} Kd7 $2 {A natural way to continue pressure as it
connects both rooks and gets the king to the "safer" side of the board.
Unfortunately things are more complicated than this. And while I checked my
lines, I missed an important detail in one of the lines I examined...} (17...
Kf8 $1 {is oddly the better way to continue the attack!} 18. Qh6+ ({if White
is ambitious he can only get in trouble} 18. Qh3 $6 f5 $1 {with the idea of ...
Bf6, ...Rh8} (18... Ng6 $5)) (18. Kh1 f5 $1) 18... Rg7 (18... Ke8 19. Qh7 Kf8
$11) 19. Qh8+ Rg8 20. Qh6+ {and the game will objectively end with repetition.}
) 18. Rad1+ Kc8 19. Rxd8+ Qxd8 20. Rd1 Qf8 21. Nxe5 $1 Rxg2+ 22. Kf1 fxe5 23.
Nxb5 $3 {This is the tactical shot I missed. I tried to find a solution for a
long time, but realised that it's too late to save the position so eventually
I decided to simply pressure my opponent on time with since he had only more
or less 2 min left to make the time-control.} Rg7 (23... axb5 24. c6 Bxc6 25.
Rc1 {is the point} Kb7 26. Rxc6 Kxc6 27. Qe4+ (27. Kxg2) 27... Kb6 28. Kxg2 $18
{and White can easily play a move and win from here on.} (28. Qxg2)) 24. Qd3
Qg8 ({I also checked} 24... axb5 {but White can obtain a winning attack by
force} 25. Qd7+ Kb8 26. c6 Bc8 27. c7+ Ka7 28. Qxb5 $18 {and there's no
stopping the threats.}) 25. Qd7+ Kb8 26. Ke1 {White is simply winning at this
point, and I was merely prolonging futile resisitance.} Bh4 (26... Rg1+ 27. Bf1
) 27. c6 Bxf2+ 28. Kxf2 Rg2+ 29. Ke1 Rxe2+ 30. Kxe2 Qg2+ 31. Kd3 {and Black
resigns.} 1-0

[Event "EU-Cup 14th final"]
[Site "Belgrade"]
[Date "1999.01.13"]
[Round "3"]
[White "Sakaev, Konstantin"]
[Black "Khenkin, Igor"]
[Result "1-0"]
[WhiteElo "2649"]
[BlackElo "2641"]
[Annotator "Sakaev,K"]
[PlyCount "77"]
[EventDate "1999.01.11"]
[EventType "team-k.o."]
[EventRounds "3"]
[EventCountry "YUG"]
[SourceTitle "EXT 2020"]
[Source "ChessBase"]
[SourceDate "2019.10.17"]
[SourceVersion "1"]
[SourceVersionDate "2019.10.17"]
[SourceQuality "1"]
[WhiteTeam "St Petersburg"]
[BlackTeam "Gorzow Stilon Welkopolski"]
[WhiteTeamCountry "RUS"]
[BlackTeamCountry "POL"]

1. d4 {Lutz} d5 2. Nf3 Nf6 3. c4 c6 4. Nc3 e6 5. Bg5 h6 6. Bh4 dxc4 7. e4 g5 8.
Bg3 b5 9. Be2 Bb7 10. h4 {Lutz: 'Khalifmans Idee gibt Schwarz einige Probleme.'
} g4 11. Ne5 h5 12. O-O Nbd7 13. Qc2 Nxe5 14. Bxe5 Rg8 15. Rad1 Rg6 $146 (15...
Be7 16. Bxf6 $5 (16. Bf4) 16... Bxf6 17. e5 Bxh4 18. Qh7 $36) (15... Nd7 {Lutz}
16. Bg3 Qb6 17. b3 cxb3 18. axb3 Bb4 19. Na2 Be7 20. Nc3 Bb4 21. Na2 Be7 22.
Nc3 {1/2-1/2 Notkin,M-Galkin,A/Maikop 1998/CBM 66/[Lutz] (22)}) 16. Bf4 $1 {
Lutz: 'Weiß verstärkt langsam seine Stellung. Interessanterweise kann Schwarz
nicht viel unternehmen. '} (16. Bg3 Be7 $13) 16... Be7 17. g3 {'!' Lutz.} a6 $2
(17... Qa5 $1 $13) 18. b3 $1 $16 {Lutz: 'Der thematische Zug. Weiß öffnet
einige Linien.'} cxb3 (18... b4 19. Na4 c3 20. Nc5 Bxc5 21. dxc5 Qa5 22. Bd6
Nd7 23. e5 (23. Rd4 e5 24. Rc4 Rxd6 (24... Nb6 25. Bc7 $18) 25. cxd6 Nb6 26.
Rd1 Nxc4 27. Bxc4 Rd8 $13) (23. f4 Nxc5 24. f5 Rg8 $13) 23... Nxc5 24. Rd4 (24.
a3 bxa3 $132) 24... O-O-O (24... Qb6 25. Rc4 $18) 25. Rfd1 (25. a3 bxa3 26. b4
Qa4 27. Qxc3 Nb3 $132) 25... Rgg8 26. a3 (26. Rc4 Rxd6 27. exd6 $16) 26... bxa3
(26... Rxd6 27. exd6 (27. axb4 Rxd4 28. bxa5 Rxd1+ 29. Bxd1 Rd8 30. Be2 Rd2 31.
Qxc3 Ne4 (31... Rxe2 32. Qxc5 Re1+ 33. Kg2) 32. Qe3 c5 $13) 27... Qxa3 28. d7+
Kd8 29. Qh7 $18) 27. b4 Qa4 28. Qxc3 Nb3 29. R4d3 a2 (29... Rxd6 30. exd6 a2
31. d7+ Kc7 32. Qe5+ Kb6 33. Rxb3 Qxb3 34. d8=Q+ Rxd8 35. Rxd8 $18) 30. Qxb3
a1=Q 31. Rxa1 Qxa1+ 32. Rd1 $18) 19. axb3 Bb4 20. Bd3 $1 {Lutz: 'Neben e4-e5
droht auch Ne2, Be5, Nf4 mit Gewinn des Ph5.'} (20. Na2 Be7 21. Nc3 $11) 20...
Qxd4 {Lutz: 'Schwarz möchte nicht ohne Widerstand untergehen, beschleunigt
aber sein Ende.'} 21. Na2 e5 $8 22. Be3 Qd6 23. Be2 $1 (23. Bxb5 cxb5 24. Rxd6
Bxd6 $13) 23... Qe7 24. Nxb4 Qxb4 25. Bc5 Qa5 26. Qb2 Qc7 (26... Nd7 27. Rxd7
Kxd7 28. Rd1+ $18) 27. Bd6 Qd7 $6 (27... Qc8 28. Bxe5 (28. Qxe5+ Qe6 29. Qxe6+)
28... Nxe4 29. Bf4 Qf5 (29... c5 30. Bd3 $36) 30. Bd3 c5 (30... Re6 31. Bxe4
Rxe4 32. Qh8+ Ke7 33. Bd6+ Ke6 34. Bb8 $18) 31. Bxe4 Bxe4 32. Rfe1 Re6 (32...
Ke7 33. Bg5+ f6 (33... Rxg5 34. hxg5 Re8 35. Rd3 $18) 34. Qb1 $18) 33. Rxe4
Qxe4 34. Qh8+ Ke7 35. Bg5+ f6 36. Qg7+ Ke8 37. Qd7+ Kf8 38. Bh6+ $18) 28. Bxe5
{Lutz: 'Angesichts des schlechten Bb7 und des steckengebliebenen Königs ist
die schwarze Stellung im höheren Sinne verloren.'} Qe7 29. Bd6 Qe6 30. Bc5 $1
$18 Rd8 31. Rxd8+ Kxd8 32. Rd1+ Nd7 (32... Kc7 33. Qd4 Nd7 34. Bb6+ $18) (32...
Kc8 33. Rd6 Qxe4 34. Bd3 (34. Bb6 Ba8) 34... Qe1+ 35. Kh2 $18) 33. Qh8+ {
'?!' Lutz.} (33. Bb6+ {Lutz} Ke7 34. Qh8 $18 {ist noch strenger.}) 33... Qe8 (
33... Kc7 34. Bd6+ Qxd6 35. Rxd6 Kxd6 36. Qxh5 $18) 34. Bb6+ Ke7 35. Qxh5 Nxb6
36. Qc5+ Kf6 37. Qxb6 Qe7 38. Qd4+ Qe5 (38... Ke6 {Lutz} 39. e5 $18) 39. Qd7 (
39. Qd7 {Lutz} Qxe4 40. Rd6+ Kg7 41. Rxg6+ Qxg6 42. Qxb7 $18) 1-0